Concise Statistical Yearbook of Greece 1985-1986
Uložené v:
| Médium: | Kniha |
|---|---|
| Jazyk: | English |
| Vydavateľské údaje: |
Athens
National Statistical Service of Greece
1987
|
| Predmet: | |
| Tagy: |
Žiadne tagy, Buďte prvý, kto otaguje tento záznam!
|
MARC
| LEADER | 00000nam a2200000 4500 | ||
|---|---|---|---|
| 001 | c024881 | ||
| 005 | 20251103115403.5 | ||
| 041 | 0 | |a eng | |
| 044 | |a GR | ||
| 245 | 1 | 0 | |a Concise Statistical Yearbook of Greece 1985-1986 |
| 264 | 1 | |a Athens |b National Statistical Service of Greece |c 1987 | |
| 300 | |a 240 s. | ||
| 610 | 2 | 0 | |a Grécko |